Catálogo público

Ciencia de la leche : principios de técnica lechera / (Record no. 169025)

MARC details
000 -CABECERA
campo de control de longitud fija 00790nam a2200301Ia 4500
001 - NÚMERO DE CONTROL
campo de control Z_5825
003 - IDENTIFICADOR DEL NÚMERO DE CONTROL
campo de control CHAP
005 - FECHA Y HORA DE LA ÚLTIMA TRANSACCIÓN
campo de control 20240222143106.0
008 - DATOS DE LONGITUD FIJA--INFORMACIÓN GENERAL
campo de control de longitud fija 220113s1985 xx 000 0 und d
010 ## - NÚMERO DE CONTROL DE LA BIBLIOTECA DEL CONGRESO
Número de control de LC 169025
020 ## - NÚMERO INTERNACIONAL ESTÁNDAR DEL LIBRO
Número Internacional Estándar del Libro 84-291-1815-2
040 ## - FUENTE DE LA CATALOGACIÓN
Centro/agencia transcriptor CHAP
082 ## - NÚMERO DE LA CLASIFICACIÓN DECIMAL DEWEY
Número de clasificación 637.1 A53y 1985
100 ## - ENTRADA PRINCIPAL--NOMBRE DE PERSONA
Nombre de persona Alais, Charles
9 (RLIN) 3304
245 ## - MENCIÓN DE TÍTULO
Título Ciencia de la leche : principios de técnica lechera /
Mención de responsabilidad, etc. Charles Alais
260 ## - PUBLICACIÓN, DISTRIBUCIÓN, ETC.
Lugar de publicación, distribución, etc. México, D.F. :
Nombre del editor, distribuidor, etc. Reverté,
Fecha de publicación, distribución, etc. 1985
300 ## - DESCRIPCIÓN FÍSICA
Extensión 873 P.
503 ## - NOTA DE HISTORIA BIBLIOGRÁFICA (BK CF MU) [OBSOLETO]
Nota de historia bibliográfica 248221, 248269
650 ## - PUNTO DE ACCESO ADICIONAL DE MATERIA--TÉRMINO DE MATERIA
Término de materia o nombre geográfico como elemento de entrada Industria lechera
9 (RLIN) 57819
650 ## - PUNTO DE ACCESO ADICIONAL DE MATERIA--TÉRMINO DE MATERIA
Término de materia o nombre geográfico como elemento de entrada Leche
Subdivisión general Análisis
9 (RLIN) 65359
650 ## - PUNTO DE ACCESO ADICIONAL DE MATERIA--TÉRMINO DE MATERIA
Término de materia o nombre geográfico como elemento de entrada Leche
Subdivisión general Producción
9 (RLIN) 65400
650 ## - PUNTO DE ACCESO ADICIONAL DE MATERIA--TÉRMINO DE MATERIA
Término de materia o nombre geográfico como elemento de entrada Productos lácteos
9 (RLIN) 92124
901 ## - ELEMENTOS DE DATOS A LOCAL LDA (RLIN)
a 637.1 A53Y 1984
902 ## - ELEMENTOS DE DATOS B LOCAL, LDB (RLIN)
a M
910 ## - DATOS DE OPCIÓN DEL USUARIO (OCLC)
Datos de opción del usuario 2003
942 ## - ELEMENTOS DE PUNTO DE ACCESO ADICIONAL (KOHA)
Tipo de ítem Koha Libro_
Fuente del sistema de clasificación o colocación Dewey Decimal Classification
942 ## - ELEMENTOS DE PUNTO DE ACCESO ADICIONAL (KOHA)
Fuente del sistema de clasificación o colocación Dewey Decimal Classification
Holdings
Estado de retiro Estado de pérdida Fuente del sistema de clasificación o colocación Estado dañado Restricciones de uso No para préstamo Código de colección Localización permanente Ubicación/localización actual Fecha de adquisición Signatura topográfica completa Código de barras Fecha visto por última vez Número de copia Precio válido a partir de Tipo de ítem Koha Total de préstamos Fecha del último préstamo
    Dewey Decimal Classification   Préstamo interno   General Zootecnia Zootecnia 23/10/2009 637.1 A53y 1984 z_5715 09/10/2024 1 18/01/2022 Libro    
    Dewey Decimal Classification   Préstamo interno   General Zootecnia Zootecnia 26/10/2009 637.1 A53y 1984 z_5730 19/08/2024 2 18/01/2022 Libro 1 04/07/2023